000 00495nam a2200169Ia 4500
999 _c16125
_d16125
003 OSt
005 20200606115853.0
008 190216s9999||||xx |||||||||||||| ||und||
040 _cMESKC library
082 _a500
_bCHA/B
100 _aChathurvedi, Ramjanma
_9393
245 0 _aBath Bath Mem Vinjan /
_cRamjanma Chathurvedi
260 _bElora Printers And Publishers,
_c2002.
_aJaipur:
300 _a109p
650 _aHindi
942 _cBK
_2ddc
_h500
_iCHA/B
_k500
_mCHA/B